Southville International School and Colleges
Your cart is empty.
  • Cart
  • Lists
    Public lists list_1 View all
    Your lists Log in to create your own lists
  • Log in to your account
  • Your cookies
  • Search history
Southville International School and Colleges
  • Advanced search
  • Recent comments
  • Most popular
  • Libraries

Log in to your account

Log in with GOOGLE


If you do not have an external account, but do have a local account, you can still log in:

  1. Home
  2. MARC view: Botany :
Normal view MARC view ISBD view

Botany : (Record no. 362238)

[ view plain ]
MARC details
000 -LEADER
fixed length control field 00527nam a2200157Ia 4500
008 - FIXED-LENGTH DATA ELEMENTS--GENERAL INFORMATION
fixed length control field 191001s9999 xx 000 0 und d
020 ## - INTERNATIONAL STANDARD BOOK NUMBER
International Standard Book Number 9781284077537
100 ## - MAIN ENTRY--PERSONAL NAME
Personal name Mauseth, James D
245 ## - TITLE STATEMENT
Statement of responsibility, etc James D Mauseth.--
Title Botany :
Remainder of title an introduction to plant biology
250 ## - EDITION STATEMENT
Edition statement 6th
260 ## - PUBLICATION, DISTRIBUTION, ETC. (IMPRINT)
Place of publication, distribution, etc Burlington (Massachusetts) :
Name of publisher, distributor, etc Jones and Bartlett Learning
Date of publication, distribution, etc 2017
300 ## - PHYSICAL DESCRIPTION
Extent xx, 820 pages;
Other physical details collor illustrations
500 ## - GENERAL NOTE
General note Includes glossary and index.
650 ## - SUBJECT ADDED ENTRY--TOPICAL TERM
Topical term or geographic name as entry element Botany.
650 ## - SUBJECT ADDED ENTRY--TOPICAL TERM
Topical term or geographic name as entry element SCIENCE -- Life Sciences -- Botany.
Holdings
Withdrawn status Lost status Damaged status Home library Current library Shelving location Date acquired Source of acquisition Total Checkouts Full call number Barcode Date last seen Price effective from Koha item type
      South SEED-LPDH College Library South SEED-LPDH College Library South SEED-LPDH College Section 10/01/2019 Library Fund   QK 47 .M38 2017 SSLC1866 10/01/2019 10/01/2019 Books

Botany :

APA

Mauseth J. D., . (2017). Botany. Burlington (Massachusetts): Jones and Bartlett Learning.

Chicago

Mauseth James D, . 2017. Botany. Burlington (Massachusetts): Jones and Bartlett Learning.

Harvard

Mauseth J. D., . (2017). Botany. Burlington (Massachusetts): Jones and Bartlett Learning.

MLA

Mauseth James D, . Botany. Burlington (Massachusetts): Jones and Bartlett Learning. 2017.

  • Place hold
  • Print
  • Cite
  • Add to your cart (remove)
  • Save record
    BIBTEX Dublin Core MARCXML MARC (non-Unicode/MARC-8) MARC (Unicode/UTF-8) MARC (Unicode/UTF-8, Standard) MODS (XML) RIS
  • More searches
    Search for this title in:
    Other Libraries (WorldCat) Other Databases (Google Scholar) Online Stores (Bookfinder.com) Open Library (openlibrary.org)

Exporting to Dublin Core...

SOUTHVILLE LIBRARY

Southville International School and Colleges Library

1281 Tropical Ave. Cor. Luxembourg St., BF Homes International, Las Pinas City

Tel. No. 8256374 / 252358 Loc. 117/146

Powered by Koha